000 00661nam a2200241Ia 4500
003 OSt
005 20220925214710.0
006 a|||||r|||| 00| 0
007 ta
008 220923b |||||||| |||| 00| 0 eng d
037 _cGeneral Book
040 _aRTL
_cRTL
_beng
041 _2eng
_aeng
082 _aV461:3(Q77).N, L7
100 _aPhilby H S B
_9280967
245 0 _aArabia of the wahhabis
260 _aLondon
_bFrank Cass
_c1977
300 _axiv, 422p
_ccm.
500 _aAppendix: P 385-95
650 _aFreedom Struggle History
942 _hV461:3(Q77).N, L7
_cGB
_2CC
999 _c566317
_d566317